Quizzes
Events
Quiz Creation
Community
Videos
Private Events
Remove Ads
Sign In
Join for FREE
Feedback
Dark Mode
Quiz Categories
Sports
Geography
Music
Movies
Television
Just For Fun
Miscellaneous
History
Literature
Language
Science
Gaming
Entertainment
Religion
Holiday
For Kids
Quiz Lab
Recent
Popular Today
Quiz Kudos Today
Editor Picks
Curator Picks
Quizzes by...
Day
Popularity
Type
Ratings
Length
Year
Community
Subscriptions
Recent Discussions
Orange Saloon
Badges
Playlists
Quests
Create
Leaderboards
Showdown
Live 5
Trivia Bingo
Activity
Puzzle Library
Sporcle Events
Private Events
Virtual Trivia
Globe League
Become a Host
Pub Owners
SporcleCon
Opinionation
Our Games
Videos
Blog
Mobile Apps
Partnerships
Remove Ads and Go Orange
Feedback
Music
Pop Music
The Beatles
Song
Album
Lyrics
Bands
Singers
Artist
Clip
Rock
Rap
Classical
Billboard
Country Music
Kpop
Taylor Swift
Music
Pop Music
The Beatles
Song
Album
Lyrics
Bands
Singers
Artist
Clip
Rock
Rap
Classical
Billboard
Country Music
Kpop
Taylor Swift
Random Quiz
Search Sporcle
×
Quiz Lab
Quiz Lab
Music
Kpop
Type in answers that appear in a list
Type in answers that appear in a list
Classic
Best Score? Go Orange.
How Well Do You Know Sistar Stats
How Well Do You Know Sistar?
By
sbroches
20m
46 Questions
407 Plays
407 Plays
407 Plays
Comments
Comments
Give Quiz Kudos
Give Quiz Kudos
-
- Ratings
hide this ad
More Info
Forced Order
Answers have to be entered in order
Answers have to be entered in order
Replay
Link that replays current quiz
Next Quiz
Link to next quiz in quiz playlist
You Got
0%
They Got
Avg Score
66%
Avg Friend Score
Upgrade to see
Score Distribution
Jump to the score distribution portion of the page
Score
0/46
Timer
20:00
0
Plays Today
Hint
Answer
% Correct
Main Vocal, Leader(Stage Name)
Hyorin
96.1%
Lead Vocal(Stage Name)
Soyou
95.8%
Main Rapper, Main Dancer, Vocal
Yoon Bora
95.3%
Company
Starship Entertainment
94.8%
Vocal, Maknae
Kim Dasom
93.6%
Which Member Debuted As A Soloist In 2013
Hyorin
79.6%
Which Member Went On Unpretty Rapstars
Hyorin
77.4%
What Was The 2011 Subunit
Sistar19
76.9%
Name For Fans
Star1
76.7%
How Many Times Did Sistar Win With So Cool
1
76.4%
Which Member Trained At Cube With 4Minute
Soyou
76.4%
Which Member Was The Female Lead In K.Will's Please Don't
Dasom
76.4%
How Many Times Did Sistar Win With Alone
6
76.2%
How Many Times Did Sistar Win With Loving U
2
76.2%
How Many Times Did Sistar Win With How Dare You
1
75.7%
How Many Times Did Sistar Win With Touch My Body
8
75.2%
How Many Times Did Sistar Win With I Swear
5
75.2%
How Many Times Did Sistar Win With Give It To Me
11
74.9%
How Many Times Did Sistar Win With I Like That
4
74.9%
How Many Times Did Sistar Win With Shake It
5
74.4%
Which Member Was A Regular On The Second Season Of Invincible Youth
Bora
74.4%
What Song Was Sistar's First Win
How Dare You
71.7%
How Many Times Did Sistar19 Win With Gone Not Around Any Longer
12
70.8%
Hint
Answer
% Correct
Debut Album
Push Push
69.8%
What Was Sistar19's Debut Album
Ma Boy
69.3%
How Many Times Did Hyorin Win With One Way Love
4
68.8%
What Song Was Sistar19's First Win
Gone Not Around Any Longer
68.1%
What Song Was Hyorin's First Win
One Way Love
66.6%
Sixth Mini Album
Insane Love
62.9%
First Full Album
So Cool
62.7%
Fifth Mini Album
Shake It
61.7%
What Was Sistar19's First Mini Album
Gone Not Around Any Longer
60.9%
First Mini Album
Alone
60%
Third Single Album
How Dare You
59.7%
Second Full Album
Give It To Me
58.7%
Fourth Mini Album
Sweet & Sour
58.7%
Second Mini Album
Loving U
58.5%
Third Mini Album
Touch N Move
58%
Fourth Single Album
Lonely
55.5%
Hyorin's Real Name
Kim Hyojung
51.4%
Soyou's Real Name
Kang Jihyun
49.6%
Second Single Album
Shady Girl
48.6%
What Was Hyorin's Debut Album
Love & Hate
35.1%
Debut Date
June 3, 2010
29.7%
What Was Hyorin's Second Single Album
One Step
13.5%
What Was Hyorin's First Single Album
Love Like This
13%
Quiz Playlist
Details
Report
Send in Message
Add To Playlist
More Info:
hey guys, feel free to comment or message me and let me know if i forgot anything. thanks for playing
Classic:
Type in answers that appear in a list
Forced Order:
Answers have to be entered in order
Last Updated: May 31, 2017
Quiz Scoreboard
CHALLENGE
Sign Up to Join the Scoreboard
Show All
Scores
Hide
Comments
May contain spoilers
Recently Published
An Introduction to Baseball
by treessimontrees
Sports
5m
Movies - When Are They Set?
by FPL_Elf
Movies
5m
Popular People in 1961
by mucciniale
History
6m
More to Explore
Quiz From the Vault
Featured Blog Post
Where Did the Easter Bunny Come From?
hide this ad
You Might Also Like...
Tags
Kpop Quiz
Girl Groups
Kpop Quiz
solo
Solo Artist
soloist
subunit
Today's Top Quizzes in Music
Browse Music
hide this ad
Today's Top Quizzes in Kpop
Browse Kpop
Top Contributed Quizzes in Music
1
Taylor Swift All Songs (2024)
2
2010s Album by Cover III
3
Guess the Artist- 70s Songs
4
One Thing in Common: Music
5
Taylor Swift Logic Puzzle
6
Guess the Taylor Swift song (Mystery Song)
7
2010s Album by Cover IV
8
2010s Album by Cover V
9
KPOP LOGIC QUIZ
10
Kpop Logic Quiz
Explore More
Trending Topics
Marvel
Anime
Crossword
Kpop
NBA
Harry Potter
Disney
Puzzle
Pokémon
WWE
Country
NFL
Soccer
Song
The Office
hide this ad
More By:
sbroches
Quiz
Plays
Rating
Category
Featured
Created
Kpop Group Logic Quiz
54,791
3.04
Music
Dec 22, 2016
K-Pop Logic Puzzle(Boy Group Version)
19,792
2.83
Music
Dec 25, 2016
How Well Do You Know BLACKPINK
17,627
4.00
Music
Dec 21, 2016
How Well Do You Know BTS
16,199
4.63
Music
Sep 18, 2016
K-Pop Logic Puzzle(Girl Group Version)
14,420
4.06
Music
Dec 27, 2016
Go to Creator's Profile
Score Distribution
Quiz Creator Spotlight
sbroches
Follow
Send a Message
Quizzes Created
-
Created Quiz Play Count
-
More By This Creator
Popular Quizzes Today
1
Find the Countries of Europe - No Outlines Minefield
2
Find the US States - No Outlines Minefield
3
The Countries of the World
4
Popular People in 1961
5
US States
6
1-10 Letter E Words III
7
Find the US States
8
Risky Map Clicking: Biggest States A-Z
More Music Quizzes
Can You Fill Me In? 1970s Songs VI
Quiz Lab
Trending Quizzes
Risky Map Clicking: Least Populous States A-Z
1-10 Letter F Words
1-10 Letter G Words
One Thing in Common: United Kingdom
Risky Map Clicking: Next State Alphabetically
Recently Updated
Leaping Animals
pecheneg
Reality TV Shows (A-Z)
bhenderson79
Rickey Henderson's Hall of Fame Teammates
pecheneg
Champions League XIs: Arsenal
pecheneg
Quick Pick: Celebrities in WWE's Hall of Fame
aduchscher
A-Z Keypad Blitz II
pecheneg
Multiple Oscar Actors
pecheneg
Mystery Phrase Blitz: Oscar 'Best Actors'
pecheneg
F. Scott Fitzgerald Novels
LTH
Pick 3 Villains
ddd62291
Trending Topics
Anime
Disney
NBA
Harry Potter
Kpop
Marvel
Crossword
Country
Song
WWE
Puzzle
Pokémon
The Office
NFL
Soccer
Your Account Isn't Verified!
In order to create a playlist on Sporcle, you need to verify the email address you used during registration. Go to your
Sporcle Settings
to finish the process.
Report this User
Report this user for behavior that violates our
Community Guidelines
.
Details:
Send Report
Go to the Sporcle.com Mobile Site →
Comments